000 00944cam a22001814a 4500
005 20250605163720.0
008 250528s ||||||||||||||||||||||||d
035 _a24908
020 _a9781422157992
040 _aGR-AtMCL
_bgre
_dGR-AtMCL
_eAACR2
245 1 _aOn Managing Yourself / If You Read Nothing Else on Managing Yourself and Read These Definitive Articles from Harvard Business Review
260 _bHarvard Business Review Press,
_c2010
300 _a200
520 _aHow Will You Measure Your Life, Managing Oneself, Management Time: Who's Got the Monkey, How Resilience Works, Manage Your Energy and Not Your Time, Overloaded Circuits, Be a Better Leader and Have a Richer Life, Reclaim Your Job, Moments of Greatness: Entering the Fundamental State of Leadership, What to Ask the Person in the Mirror, Primal Leadership: The Hidden Driver of Great Performance, Index.
942 _cBK
999 _c9743
_d9743